000 00595nam a2200133Ia 4500
008 100328s9999 xx 000 0 und d
082 _b59242
100 _aभावे राम.
245 _aकालिमातेच्या मंदिरात (संमिश्र एकांकिका).
260 _bआभा.
630 _aकालिमातेच्या मंदिरात (संमिश्र एकांकिका).
730 _aकालिमातेच्या मंदिरात (संमिश्र एकांकिका).
942 _cBOOK
999 _c545490
_d545487